Английский язык. Цифровая экономика – приоритетная стратегия учебное пособие
Учебное пособие состоит из восьми модулей, объединенных единой тематикой современных цифровых технологий и содержащих тексты, грамматический материал и лексические упражнения коммуникативной направленности. Предназначено для обучающихся по образовательным программам бакалавриата всех направлений под...
Збережено в:
| Автор: | |
|---|---|
| Формат: | Книга |
| Мова: | Russian |
| Опубліковано: |
Казань
КГЭУ
2021
|
| Онлайн доступ: | https://e.lanbook.com/book/215147 https://e.lanbook.com/img/cover/book/215147.jpg |
| Теги: |
Додати тег
Немає тегів, Будьте першим, хто поставить тег для цього запису!
|
| LEADER | 01886nam0a2200253 i 4500 | ||
|---|---|---|---|
| 001 | 215147 | ||
| 003 | RuSpLAN | ||
| 005 | 20221220174149.0 | ||
| 008 | 221220s2021 ru gs 000 0 rus | ||
| 040 | |a RuSpLAN | ||
| 041 | 0 | |a rus | |
| 044 | |a ru | ||
| 080 | |a 811.111: 330 | ||
| 084 | |a 81.2 Англ. |2 rubbk | ||
| 245 | 0 | 0 | |a Английский язык. Цифровая экономика – приоритетная стратегия |b учебное пособие |c Муллахметова Г. Р. |
| 260 | |a Казань |b КГЭУ |c 2021 | ||
| 300 | |a 132 с. | ||
| 504 | |a Библиогр.: доступна в карточке книги, на сайте ЭБС Лань | ||
| 520 | 8 | |a Учебное пособие состоит из восьми модулей, объединенных единой тематикой современных цифровых технологий и содержащих тексты, грамматический материал и лексические упражнения коммуникативной направленности. Предназначено для обучающихся по образовательным программам бакалавриата всех направлений подготовки. Пособие также может быть полезно для магистрантов, аспирантов и всех желающих самостоятельно научиться читать и переводить литературу по специальности. | |
| 521 | 8 | |a Книга из коллекции КГЭУ - Языкознание и литературоведение | |
| 100 | 1 | |a Муллахметова Г. Р. | |
| 856 | 4 | |u https://e.lanbook.com/book/215147 | |
| 856 | 4 | 8 | |u https://e.lanbook.com/img/cover/book/215147.jpg |
| 953 | |a https://e.lanbook.com/img/cover/book/215147.jpg | ||